书目信息 |
| 题名: |
做一个聪明、淡定、快乐的女人
|
|
| 作者: | 宿春礼 编著 | |
| 分册: | 上 | |
| 出版信息: | 哈尔滨 哈尔滨工业大学出版社 2016.11 |
|
| 页数: | 180页 | |
| 开本: | 24cm | |
| 丛书名: | ||
| 单 册: | ||
| 中图分类: | B825-49 | |
| 科图分类: | ||
| 主题词: | 女性--修养--通俗读物 | |
| 电子资源: | ||
| ISBN: | 978-7-5603-6240-3 | |
| 000 | 00896nam0 2200229 45 | |
| 001 | 012001001265 | |
| 005 | 20180925090842.79 | |
| 010 | @a978-7-5603-6240-3@dCNY29.50 | |
| 100 | @a20161023d2016 em y0chiy0110 ea | |
| 101 | 0 | @achi |
| 102 | @aCN@b230000 | |
| 105 | @ay z 000yy | |
| 106 | @ar | |
| 200 | 1 | @a做一个聪明、淡定、快乐的女人@9zuo yi ge cong ming 、 dan ding 、 kuai le de nv ren@h上@f宿春礼编著 |
| 210 | @a哈尔滨@c哈尔滨工业大学出版社@d2016.11 | |
| 215 | @a180页@d24cm | |
| 330 | @a本书从气质、谈吐、性格、心态、职场、交际、爱情、婚姻等方面入手,用通俗而精练的语言,详细介绍了成为聪明、淡定、快乐的女人的方法与技巧,教会女性展示自己独一无二的魅力,与幸福快乐的生活翩翩起舞,开启属于自己的别样人生。 | |
| 606 | 0 | @a女性@x修养@x通俗读物 |
| 690 | @aB825-49@v5 | |
| 701 | 0 | @a宿春礼@9xiu chun li@4编著 |
| 801 | 0 | @aCN@b上海新华@c20180901 |
| 905 | @b1043299-303@dB825-49@e1121:1@f5 | |
| 做一个聪明、淡定、快乐的女人.上/宿春礼编著.-哈尔滨:哈尔滨工业大学出版社,2016.11 |
| 180页;24cm |
| ISBN 978-7-5603-6240-3:CNY29.50 |
| 本书从气质、谈吐、性格、心态、职场、交际、爱情、婚姻等方面入手,用通俗而精练的语言,详细介绍了成为聪明、淡定、快乐的女人的方法与技巧,教会女性展示自己独一无二的魅力,与幸福快乐的生活翩翩起舞,开启属于自己的别样人生。 |
| ● |
| 相关链接 |
|
|
|
|
正题名:做一个聪明、淡定、快乐的女人
索取号:B825-49/1121:1
 
预约/预借
| 序号 | 登录号 | 条形码 | 馆藏地/架位号 | 状态 | 备注 |
| 1 | 1043299 | 210432995 | 第一样本阅览室/ [索取号:B825-49/1121:1] | 在馆 | |
| 2 | 1043300 | 210433002 | 第一借阅区/ [索取号:B825-49/1121:1] | 在馆 | |
| 3 | 1043301 | 210433011 | 第一借阅区/ [索取号:B825-49/1121:1] | 在馆 | |
| 4 | 1043302 | 210433020 | 第一借阅区/ [索取号:B825-49/1121:1] | 在馆 | |
| 5 | 1043303 | 210433039 | 第一借阅区/ [索取号:B825-49/1121:1] | 在馆 |